000 02093nam a2200421 i 4500
001 zcodcb b8843469
003 WiMaMI
005 20251125085623.0
007 t|
008 250521s2025 mnuad j 001 0 eng d
010 _a 2024015014
020 _a9798892000864
_qLibrary bound book
020 _a9798892001441 : paperback
_q$4.50
040 _aWiMaMI
_beng
_erda
044 _amnu
092 _achildren nonfiction
_bGrack
100 1 _aKoestler-Grack, Rachel A.,
_d1973-
_eauthor.
_4aut.
_95745867
245 1 0 _aCurious about bull riding /
_cby Rachel Grack.
263 _a2501.
264 1 _aMankato, Minnesota :
_bAmicus Learning,
_c[2025]
264 1 _a[Place of publication not identified] :
_ban imprint of Amicus,
_c[2025]
264 4 _cÃ2025.
_a[Place of publication not identified] :
_ban imprint of Amicus,
300 _a24 pages :
_bcolor illustrations, charts ;
_c23 cm.
336 _atext
337 _aunmediated
338 _avolume
490 1 _aCurious about rodeo.
500 _aIncludes index.
505 0 _aWild ride! -- The event -- Bringing home the win -- Stay curious! Learn more.
520 _aHold on! Bull riding is a heart-pounding roughstock event performed in rodeo competitions across the United States. How do riders stay on a bucking bull? How dangerous can bull riding be? Ignite elementary-aged readers' curiosity about the high-interest topic of rodeo sports with questions and answers about bull riding. "Did You Know" facts and infographics help visual learners grab the bull by the horns when learning new concepts. A "Stay Curious" feature encourages readers to keep asking questions and expand their research skills. Includes table of contents, glossary, books and websites for further research, and index.
521 0 _a2
_bAmicus.
521 2 _a1-4
_bAmicus.
521 8 _a660
_bLexile.
526 0 _aAccelerated Reader
_bLG
_c3.2
_d0.5
_z552779.
526 0 _aAccelerated Reader
_bLG
_c3.0
_d0.5
_z552318SP.
830 0 _aCurious about rodeo.
_96547723
942 _2ddc
_cBOOK
999 _c409600
_d409600